Slavné případy soudce Ti (Ti Kung An) : autentický čínský detektivní román z 18. století /

Hlavní autor: Gulik, Robert van, 1910-1967
Další autoři: Albert, Evžen
Jazyk: Čeština
Vydáno: Plzeň : Perseus, 1996
Vydání: 1. vyd.
Edice: Příběhy soudce Ti
Témata:
Externí odkaz: Digitalizovaný dokument
Fyzický popis: 261 s. : il. ; 21 cm
Knihy
Uloženo v:
LEADER 01806nam a2200433 a 4500
001 000110076
003 CZ BrMZK
005 20250106141532.0
008 960815s1996 xr g f cze d
015 |a cnb000182946 
020 |a 80-86030-08-3 
035 |a (OCoLC)36882381 
040 |a BOA001  |b cze 
072 7 |a 821.111-3  |x Anglická próza, anglicky psaná  |2 Konspekt  |9 25 
080 |a 821.111-31  |2 MRF 
080 |a (0:82-312.4)  |2 MRF 
080 |a (0:82-311.6)  |2 MRF 
100 1 |a Gulik, Robert van,  |d 1910-1967  |7 jn19990002982  |4 aut 
245 1 0 |a Slavné případy soudce Ti (Ti Kung An) :  |b autentický čínský detektivní román z 18. století /  |c z čínského originálu přeložil, úvodem a poznámkami opatřil Robert van Gulik [z angličtiny přeložil Evžen Albert] 
250 |a 1. vyd. 
260 |a Plzeň :  |b Perseus,  |c 1996 
300 |a 261 s. :  |b il. ;  |c 21 cm 
490 1 |a Příběhy soudce Ti 
500 |a Dotisk 1997 
504 |a Obsahuje bibliografii 
655 7 |a anglicky psané romány  |7 fd131805  |2 czenas 
655 7 |a detektivní romány  |7 fd132010  |2 czenas 
655 7 |a historické romány  |7 fd132414  |2 czenas 
655 9 |a fiction in English  |2 eczenas 
655 9 |a detective novels  |2 eczenas 
655 9 |a historical novels  |2 eczenas 
700 1 |a Albert, Evžen  |7 jx20060117010  |4 trl 
765 0 |t Celebrated cases of judge dee 
830 0 |a Příběhy soudce Ti  |0 s 
856 4 1 |u http://www.digitalniknihovna.cz/mzk/uuid/uuid:cc70eb30-a2a6-11e3-b833-005056827e52  |y Digitalizovaný dokument  |x NDK 
910 |a BOA001  |b D-1027.353 
990 |a BK 
996 6 |b 2610045169  |c D-1027.353  |l MZK  |r Sklad / do 24 hodin  |n 2  |p p.v.  |w 000110076  |u 000010  |a 1  |e BOA001  |j MZK50  |s P 
996 6 |b 2610981821  |c D-1027.353  |l MZK  |r Sklad / do 24 hodin  |n 0  |p dar  |w 000110076  |u 000020  |a 1  |e BOA001  |j MZK50  |s P